[Event "Autumn Tournament 2007"]
[Site "SchemingMind.com"]
[Date "2007.12.02"]
[Round "-"]
[White "Shaka"]
[Black "marble"]
[Result "1-0"]
[WhiteCountry "VEN"]
[BlackCountry "ENG"]
[WhiteElo "1713"]
[WhiteRD "70"]
[BlackElo "1623"]
[BlackRD "55"]
[GameID "131137"]

1. e4 c5 2. Nc3 d6 3. f4 Nc6 4. Nf3 g6 5. g3 Bg7 6. Bg2 e6 7. O-O Nge7 8. d3 O-O 9. Nh4 Rb8 10. f5 exf5
11. exf5 Nxf5 12. Nxf5 Bxf5 13. Bf4 a6 14. Qd2 Nd4 15. Rae1 b5 16. Ne4 Bxe4 17. Rxe4 Rb6 18. c3 Ne6 19. Bh6 d5 20. Rh4 Re8
21. Bxg7 Nxg7 22. Qh6 Kf8 23. Qxh7 Nf5 24. Rhf4 Ke7 25. Re1+ Kd7 26. Qxf7+ Re7 27. Rxe7+ Nxe7 28. Bh3+ Kc7 29. Kf2 Rd6 30. Rf6 Kb6
31. Rxd6+ Qxd6 32. Qe6 Qxe6 33. Bxe6 a5 34. Kf3 Kc6 35. Kf4 Kd6 36. Bf7 d4 37. c4 b4 38. Kg5 Nf5 39. Bxg6 Ne3 40. h4 Ke7
41. h5 Kf8 42. h6 Kg8 43. Bh5 Nd1 44. Bxd1
1-0

[Event "Autumn Tournament 2007"]
[Site "SchemingMind.com"]
[Date "2007.11.30"]
[Round "-"]
[White "Sjakkie"]
[Black "marble"]
[Result "0-1"]
[WhiteCountry "NED"]
[BlackCountry "ENG"]
[WhiteElo "1503"]
[WhiteRD "81"]
[BlackElo "1648"]
[BlackRD "60"]
[GameID "131138"]

1. e4 c5 2. Bc4 e6 3. Nc3 Nc6 4. Nf3 a6 5. a3 Bd6 6. d3 Nf6 7. h3 h6 8. Be3 O-O 9. O-O b5 10. Ba2 Bb7
11. Nh4 Nh7 12. f4 Qxh4 13. Ne2 Nd4 14. c3 e5 15. f5 c4 16. cxd4 cxd3 17. Bf2 Qxe4 18. Ng3 Qxg2#
0-1

[Event "Autumn Tournament 2007"]
[Site "SchemingMind.com"]
[Date "2007.12.01"]
[Round "-"]
[White "saxondom"]
[Black "marble"]
[Result "0-1"]
[WhiteCountry "HUN"]
[BlackCountry "ENG"]
[WhiteElo "1354"]
[WhiteRD "123"]
[BlackElo "1648"]
[BlackRD "60"]
[GameID "131139"]

1. e4 c5 2. Nf3 e6 3. Bc4 Nc6 4. Nc3 a6 5. d4 b5 6. O-O bxc4 7. d5 exd5 8. Qxd5 Bb7 9. Qxc4 Nf6 10. Re1 Na5
11. e5 Nxc4 12. exf6+ Be7 13. fxg7 Rg8 14. Bh6 Qb6 15. b3 Qxh6 16. bxc4 Rxg7 17. Ne5 Rxg2+ 18. Kf1 Qxh2 19. Nd5 Rxf2#
0-1

[Event "Autumn Tournament 2007"]
[Site "SchemingMind.com"]
[Date "2007.12.05"]
[Round "-"]
[White "Shanks"]
[Black "marble"]
[Result "1/2-1/2"]
[WhiteCountry "ENG"]
[BlackCountry "ENG"]
[WhiteElo "1515"]
[WhiteRD "82"]
[BlackElo "1623"]
[BlackRD "55"]
[GameID "131140"]

1. Nf3 g6 2. d4 Bg7 3. Nc3 Nf6 4. h3 d5 5. Bf4 Nc6 6. a3 O-O 7. e3 a6 8. Be2 e6 9. b4 Ne7 10. O-O b6
11. b5 a5 12. a4 c6 13. bxc6 Nxc6 14. Nb5 Na7 15. Na3 Ne4 16. Nb1 Bd7 17. Nbd2 Nc3 18. Qe1 Nxa4 19. c4 Nc3 20. Bd3 b5
21. cxd5 Nxd5 22. Bg3 a4 23. Ne4 Qb6 24. Rc1 b4 25. Nc5 Be8 26. Nd2 Rc8 27. Nc4 Qd8 28. Nd6 Rc7 29. Nxe8 Rxe8 30. Bxc7 Nxc7
31. Nxa4 Nd5 32. Nc5 Qa5 33. Nb7 Qa3 34. Bc4 Rb8 35. Nc5 Nc6 36. Ra1 Qc3 37. Bxd5 exd5 38. Qxc3 bxc3 39. Na6=
1/2-1/2

[Event "Autumn Tournament 2007"]
[Site "SchemingMind.com"]
[Date "2007.12.03"]
[Round "-"]
[White "lemmie"]
[Black "marble"]
[Result "0-1"]
[WhiteCountry "NED"]
[BlackCountry "ENG"]
[WhiteElo "1639"]
[WhiteRD "62"]
[BlackElo "1664"]
[BlackRD "60"]
[GameID "131141"]

1. d4 e6 2. Nf3 Nf6 3. Nc3 d5 4. e3 c5 5. dxc5 Bxc5 6. a3 O-O 7. Bd3 Nc6 8. O-O e5 9. Bb5 e4 10. Nd4 Bg4
11. Qd2 Bxd4 12. Bxc6 bxc6 13. Qxd4 Qc7 14. f3 exf3 15. gxf3 Bh3 16. Rf2 Rfe8 17. Qh4 Bf5 18. e4 dxe4 19. fxe4 Bxe4 20. Nxe4 Nxe4
21. Rg2 Qb6+ 22. Kh1 Re6 23. b4 c5 24. Bb2 Nf6 25. Rf1 Kh8 26. Qg5 Rg8 27. Bxf6 Rxf6 28. Rxf6 Qxf6 29. Qxc5 Rd8 30. h3 Rd1+
31. Kh2 Qf4+ 32. Rg3 Rd2+ 33. Kh1 Qe4+ 34. Kg1 Qe1#
0-1

[Event "Autumn Tournament 2007"]
[Site "SchemingMind.com"]
[Date "2007.12.01"]
[Round "-"]
[White "Fred Fanelli"]
[Black "marble"]
[Result "1-0"]
[WhiteCountry "USA"]
[BlackCountry "ENG"]
[WhiteElo "1616"]
[WhiteRD "74"]
[BlackElo "1664"]
[BlackRD "60"]
[GameID "131142"]

1. c4 Nf6 2. Nc3 g6 3. g3 Bg7 4. Bg2 c5 5. e3 Nc6 6. Nge2 O-O 7. O-O d6 8. d4 cxd4 9. exd4 Re8 10. Bg5 e6
11. Qc2 e5 12. d5 Bf5 13. Be4 Nd4 14. Qd3 Nxe2+ 15. Qxe2 Qd7 16. Bxf6 Bxf6 17. Rfe1 Bg4 18. Bf3 Bxf3 19. Qxf3 Bg7 20. Qd3 a6
21. Qd2 Rac8 22. b3 e4 23. Rac1 Re5 24. Na4 Qh3 25. f4 Rh5 26. Qg2 Bd4+ 27. Kh1 Qg4 28. Nc3 e3 29. Ne4 Rd8 30. Rcd1 Bb6
31. Nf6+
1-0